What's eating Gilbert Grape

Ενας νεαρός που συντηρεί την οικογένειά του, πλήττει στην ανιαρή ζωή της επαρχιακής κωμόπολής του, χωρίς ωστόσο να έχει τη δυνατότητα να φύγει από εκεί.

Αποθηκεύτηκε σε:
Λεπτομέρειες βιβλιογραφικής εγγραφής
Άλλοι συγγραφείς: Hallström, Lasse (Διευθυντής), Depp, Johnny (Ηθοποιός), DiCaprio, Leonardo (Ηθοποιός), Lewis, Juliette (Ηθοποιός)
Μορφή: Διαφάνειες
Γλώσσα:English
Greek
Δημοσίευση: [S.l.] : [Χ.τ.] : Paramount Pictures, Prism Leisure Corp., c1993 ; c2006.
Θέματα:
Ετικέτες: Προσθήκη ετικέτας
Δεν υπάρχουν, Καταχωρήστε ετικέτα πρώτοι!

MARC

LEADER 00000cgm a2200000 a 4500
001 1/110263
008 160310p20061993xx ||| | || ||eng||
040 |a GR-MyUa  |b gre  |c GR-MyUa  |e AACR2 
041 0 |a eng  |j gre 
082 7 |a 791.437   |2 (23)  
245 0 0 |a What's eating Gilbert Grape   |h [μαγνητοσκόπηση] /   |c directed by Lasse Hallström.  
260 |a [S.l.] :   |b Paramount Pictures,   |c c1993 ;   |a [Χ.τ.] :   |b Prism Leisure Corp.,   |c c2006.  
300 |a 1 βιντεοδίσκος (118 λεπτ.) :   |b ομίλ., έγχρ. ;   |c 4 3/4 ίν.  
500 |a Κυκλοφόρησε πρώτη φορά ως κινηματογραφική ταινία το 1993.  
508 |a Μουσική, Alan Parker, Bjorn Isfalt ; μοντάζ, Andrew Mondshein ; φωτογραφία, Sven Nykvist ; βασισμένο στο μυθιστόρημα του Peter Hedges ; σενάριο, Peter Hedges.  
511 0 |a Johnny Depp, Juliette Lewis, Mary Steenburgen, Leonardo Di Caprio, John C. Reilly.  
520 8 |a Ενας νεαρός που συντηρεί την οικογένειά του, πλήττει στην ανιαρή ζωή της επαρχιακής κωμόπολής του, χωρίς ωστόσο να έχει τη δυνατότητα να φύγει από εκεί.  
546 |a Στα αγγλικά με ελληνικούς υπότιτλους.  
650 0 |a Dysfunctional families  |v Drama. 
655 7 |a Feature films  |2 lcgft 
700 1 |a Hallström, Lasse,  |e drt 
700 1 |a Depp, Johnny,  |e act 
700 1 |a DiCaprio, Leonardo,  |e act 
700 1 |a Lewis, Juliette,  |e act 
852 |a INST  |b SYROS  |c AV  |e 20160310  |h 791.437 HAL  |p 005500011771  |q 005500011771  |t DVD  |y 23 
970 |a Κοντού  |b Παρασκευή  |z 10/03/2016